Bouclier de Brennus-Champion de France Rugby - Statistiques

Statistiques générales
  • Ce quiz a été pris 378 fois
    101 depuis la dernière actualisation
  • Le résultat moyen est 16 sur 28
Statistiques - réponses
Nombre de bouclier remporté Dernier titre Club % Correct
21 2024 Stade toulousain
99%
5 2006 Biarritz olympique
94%
4 2014 RC Toulon
93%
14 2015 Stade français
89%
2 2017 ASM Clermont Auvergne
88%
2 1933 Lyon OU
86%
5 2018 Castres olympique
84%
1 2022 Montpellier HR
78%
7 2009 USA Perpignan
76%
7 1911 Stade bordelais
75%
3 1943 Aviron bayonnais
75%
2 1964 Section paloise
70%
1 2016 Racing 92
70%
11 1984 AS Béziers
56%
2 1991 CA Bègles
49%
8 1988 SU Agen
49%
1 1967 US Montauban
48%
8 1968 FC Lourdes
45%
2 1979 RC Narbonne
44%
1 1963 Stade montois
41%
1 1954 FC Grenoble
41%
1 1910 FC Lyon
41%
1 1896 Olympique
40%
2 1973 Stadoceste tarbais
38%
5 1990 Racing Club de France
20%
1 1970 La Voulte sportif
14%
1 1937 CS Vienne
14%
1 1951 US Carmaux
13%
Aucun quiz correspondant
Distribution des résultats
% des personnes avec chaque résultat
Percentile par nombre de réponses
Votre historique - résultats
Vous n’avez pas pris ce quiz depuis la dernière actualisation